Etnicidad y pluralismo cultural: La dinámica étnica en Oaxaca /

Guardado en:
Detalles Bibliográficos
Autor principal: Barabas, Alicia M. (autor)
Otros autores: Bartolomé, Miguel Alberto (autor) (autor)
Formato: Libro
Idioma:Español
Colección:(Regiones)
Temas:
Etiquetas: Agrega una etiqueta
Sin etiquetas, Sé el primero en etiquetar este registro!

MARC

LEADER 00000nam^a2200000^a^4500
001 000037854
005 20250521000000.0
009 20260310085441.369
020 |a 968-29-2767-6 
037 |a Acervo ITESO - Biblioteca 
041 |a ESP 
082 |a 306. 1  |b BAR 
100 |a Barabas, Alicia M.  |e (autor) 
245 1 0 |a Etnicidad y pluralismo cultural: La dinámica étnica en Oaxaca /  |c A. Barabas; et al. 
264 |a México :  |b CONACULTA,  |c 1990 
300 |a 485 p. 
336 |a texto  |b txt  |2 rdacontenido 
337 |a sin mediación  |b n  |2 rdamedio 
338 |a volumen  |b nc  |2 rdasoporte 
440 1 |a (Regiones) 
649 |a XX 
650 |a Sociología de la Cultura -  |z México 
650 |a Antropología Cultural 
650 |a Indígenas de México 
650 |a Amuzgos 
650 |a Chatinos 
650 |a Chinantecos 
650 |a Zapoteco 
650 |a Nahuas 
650 |a Huave 
700 |a Bartolomé, Miguel Alberto  |e (autor) 
910 |a Fondo General 
920 |a Impresos - Libros 
930 |a Colección General 
905 |a 101 
901 |a 0378540100  |b IT1  |c ACC  |i 037854  |u 20250521 
902 |a https://opac.biblio.iteso.mx/vufind/Record/000037854